| 000 | 01148cam a22003497a 4500 | ||
|---|---|---|---|
| 003 | CHAP | ||
| 005 | 20220329142403.0 | ||
| 008 | 001106d1998 uk ab r 00110 eng d | ||
| 010 | _a82739 | ||
| 011 | _a83711 | ||
| 020 | _a0632035129 | ||
| 035 | _a94227 | ||
| 040 | _cCHAP | ||
| 082 | 0 | 4 |
_a591.5 _bM6 1998 |
| 100 | 0 | 0 |
_aMoss, Brain. _979034 |
| 245 | 1 | 0 |
_aEcology of fresh waters: _bman and medium past to future _c/by Brain Moss |
| 250 | _a3 ed. | ||
| 260 |
_aLondon, UK : _bBlackwell Science, _c1998 |
||
| 300 |
_a557 p. : _bilus. ; gráfs. ; laminas ; mapas ; tablas |
||
| 500 | _aReferencias bibliográficas pp. 501-531 | ||
| 590 |
_aBATCH-UPD _b10 _c20130110 _lUCH01 _h0534 |
||
| 590 |
_aBATCH-UPD _b10 _c20130110 _lUCH01 _h2254 |
||
| 590 |
_aBATCH-UPD _b10 _c20130410 _lUCH01 _h0215 |
||
| 590 |
_aBATCH-UPD _b10 _c20130913 _lUCH01 _h2247 |
||
| 590 |
_aCONVERSION _b10 _c20130109 _lUCH01 _h1346 |
||
| 650 | 1 | 4 |
_aAgua dulce _xEcología. _92424 |
| 650 | 1 | 4 |
_aFauna de agua dulce. _939835 |
| 901 | _aBK | ||
| 905 | _aMarco A. Mendoza T. | ||
| 942 | _cLIBRO | ||
| 949 |
_a591.5 M6 1998 _bBC _cLIBRO _d33724000774998 _eLIBRO _gI.201171 _h98276 _i94227 _si |
||
| 999 |
_c82739 _d82739 |
||